000 00483nmm a2200169Ia 4500
008 251105s9999||||xx |||||||||||||||||und||
020 _a9788497428460
041 _aspa
100 _aNogué, Joan
245 0 _aEl paisaje en la cultura contemporánea
264 _a[Madrid, España] :
_bBiblioteca Nueva,
_c2008
300 _a304 páginas
490 _aPaisaje y teoría
650 _aCultural Studies
856 _uhttps://public.digitaliapublishing.com/a/17007
942 _cCF
999 _c90408
_d90408